Bez zeleniny sa nezaobídeme
Zvýšená pozornosť pestovaniu zeleniny na Slovensku z hľadiska zlepšovania stravovacích návykov, zvyšovanie podielu zeleniny v strave. Spotreba zeleniny v SR. Priemerná ročná spotreba na obyvateľa. Súčasná odrodová skladba zeleniny. Porovnanie so zahraničím. Podmienky pestovania zeleniny na Slovensku...
Salvato in:
| Autore principale: | |
|---|---|
| Natura: | Capitolo di libro |
| Lingua: | slovacco |
| Soggetti: | |
| Tags: |
Nessun Tag, puoi essere il primo ad aggiungerne!!
|
MARC
| LEADER | 00000naa a2200000 4500 | ||
|---|---|---|---|
| 001 | r020569 | ||
| 005 | 20230825075517.7 | ||
| 041 | 0 | |a slo | |
| 044 | |a SK | ||
| 245 | 1 | 0 | |a Bez zeleniny sa nezaobídeme |c V. Strelec |
| 520 | |a Zvýšená pozornosť pestovaniu zeleniny na Slovensku z hľadiska zlepšovania stravovacích návykov, zvyšovanie podielu zeleniny v strave. Spotreba zeleniny v SR. Priemerná ročná spotreba na obyvateľa. Súčasná odrodová skladba zeleniny. Porovnanie so zahraničím. Podmienky pestovania zeleniny na Slovensku. Niektoré odporúčania marketingovej štúdie o zeleninárstve v SR, ktorú vypracovali odborníci FAO. | ||
| 610 | 2 | 0 | |a zelenina |
| 610 | 2 | 0 | |a Slovensko |
| 610 | 2 | 0 | |a spotreba |
| 610 | 2 | 0 | |a údaje štatistické |
| 610 | 2 | 0 | |a výživa |
| 610 | 2 | 0 | |a obyvateľstvo |
| 610 | 2 | 0 | |a štúdie |
| 610 | 2 | 0 | |a FAO |
| 100 | 1 | |a Strelec, V. | |